| 000 | 00931nam a2200265Ia 4500 | ||
|---|---|---|---|
| 003 | OSt | ||
| 005 | 20221005111630.0 | ||
| 006 | a|||||r|||| 00| 0 | ||
| 007 | ta | ||
| 008 | 221004b |||||||| |||| 00| 0 hin d | ||
| 020 | _cIndian Rupees 174.00 | ||
| 024 | _a28017 | ||
| 037 |
_bGift, 04/11/2016, _cTextual |
||
| 040 |
_aCRL _cCRL _bhin |
||
| 041 |
_2hin _ahin |
||
| 082 | _aO152,2:g(NT), M3 | ||
| 100 | _aझा, सीताराम, ‘श्याम’ | ||
| 245 | 0 | _aनाटक और रंगमंच | |
| 246 | _aNāṭak aur rangamancha | ||
| 260 |
_aपटना _bबिहार राष्ट्रभाषा परिषद भारत _c1982 |
||
| 300 |
_a289पृ0 _ccm. |
||
| 650 | _aहिन्दी साहित्य | ||
| 942 |
_hO152,2:g(NT), M3 _cTEXL _2cc |
||
| 999 |
_c1022400 _d1022400 |
||